000 006650000a22001930004500
020 _a968-23-0784-8
041 0 _aSPA
082 0 4 _aG 572 D829a
100 1 _aDuchet, Michèle
245 1 0 _aAntropología e historia en el siglo de la luces : Buffon, Voltaire, Rousseau, Helvecio, Diderot / Michéle Duchet; Francisco González Aramburo, Traductor
260 _aMéxico, D.F., México : Siglo Veintiuno
300 _a477 Pag
500 _aTítulo original : Anthropologie et historie au siécle des lumiéres
001 10359
942 _cBK
999 _c39934
_d39934
336 _atexto
_btxt
_2rdacontent
337 _2rdamedia
_asin mediación
_bn
338 _2rdacarrier
_avolumen
_bnc